Statistics for Longest Streets in San Francisco

Click here to take the quiz!

General Stats

  • This quiz has been taken 7 times
  • The average score is 4 of 8

Answer Stats

HintAnswer% Correct
5.7MilesGeary Boulevard
86%
4.6MilesMarket Street
86%
7.3MilesMission Street
86%
5.4MilesCalifornia Street
57%
5.5MilesThird Street
43%
5MilesFulton Street
29%
5.1MilesAlemany Boulevard
14%
4.7MilesNineteenth Avenue
14%

Score Distribution

Percentile by Number Answered

Percent of People with Each Score

Your Score History

You have not taken this quiz